Elektronizácia účtovných záznamov a jej vplyv na uchovávanie údajov bakalárska práca

Salvato in:
Dettagli Bibliografici
Autore principale: Sztruhárová, Cintia
Ente Autore: Fakulta hospodárskej informatiky EU. Katedra účtovníctva a audítorstva
Altri autori: Parajka, Branislav, 1981-
Natura: Libro
Lingua:slovacco
Pubblicazione: Bratislava 2024
Tags: Aggiungi Tag
Nessun Tag, puoi essere il primo ad aggiungerne!!

MARC

LEADER 00000nbm a2200000 4500
001 0304106
005 20250131121005.1
041 0 |a slo 
044 |a SK 
245 1 0 |a Elektronizácia účtovných záznamov a jej vplyv na uchovávanie údajov  |b bakalárska práca  |c Cintia Sztruhárová ; školiteľ: Branislav Parajka 
264 1 |a Bratislava  |c 2024 
300 |a 46 s. 
100 1 |a Sztruhárová, Cintia 
700 1 |a Parajka, Branislav, 1981- 
710 2 |a Fakulta hospodárskej informatiky EU. Katedra účtovníctva a audítorstva